Statistieken voor Gemeenten van Zuid-Holland aanklikken op de kaart

Klik hier om de quiz te nemen!

Algemene statistieken

  • Deze quiz is 211 keer genomen
  • De gemiddelde score is 21 van 52

Antwoorden op de kaart

Antwoorden kleurgecodeerd door een groen-rode schaal op de quizkaart volgens % correct hieronder.
 

Antwoordstatistieken

Antwoord% Correct
Rotterdam
75%
's-Gravenhage
68%
Goeree-Overflakkee
67%
Katwijk
62%
Noordwijk
61%
Lisse
59%
Wassenaar
54%
Delft
52%
Dordrecht
49%
Westland
49%
Hillegom
48%
Leiden
48%
Schiedam
48%
Hoeksche Waard
45%
Alphen aan den Rijn
43%
Gorinchem
43%
Gouda
43%
Leiderdorp
43%
Rijswijk
43%
Voorschoten
41%
Zoetermeer
41%
Hardinxveld-
Giessendam
39%
Vlaardingen
39%
Hellevoetsluis
38%
Midden-Delfland
38%
Nieuwkoop
38%
Teylingen
38%
Barendrecht
36%
Bodegraven-Reeuwijk
36%
Krimpenerwaard
36%
Capelle aan den
IJssel
35%
Kaag en Braassem
35%
Leidschendam-
Voorburg
35%
Maassluis
35%
Oegstgeest
35%
Pijnacker-Nootdorp
35%
Waddinxveen
35%
Krimpen aan den
IJssel
33%
Molenlanden
33%
Brielle
32%
Papendrecht
32%
Westvoorne
32%
Lansingerland
30%
Ridderkerk
30%
Sliedrecht
29%
Zoeterwoude
29%
Zwijndrecht
29%
Hendrik-Ido-Ambacht
28%
Alblasserdam
26%
Nissewaard
25%
Zuidplas
25%
Albrandswaard
22%

Scoreverdeling

Percentiel versus Aantal Correcte Antwoorden

Procent van Mensen met Elke Score

Uw Scoregeschiedenis

U heeft deze quiz nog niet genomen